Pokémon fusionnés avec Groudon - Statistiques

Statistiques générales
  • Ce quiz a été pris 112 fois
  • Le résultat moyen est 13 sur 16
Statistiques - réponses
Par images Réponse % Correct
Lugia
100%
Mackogneur
98%
Séviper
91%
Donphan
89%
Minotaupe
88%
Cacturne
85%
Dedenne
84%
Magearna
82%
Pyrobut
81%
Ceriflor
79%
Écrapince
79%
Vaututrice
79%
Sucreine
74%
Froussardine
71%
Tic
68%
Badabouin
62%
Aucun quiz correspondant
Distribution des résultats
% des personnes avec chaque résultat
Percentile par nombre de réponses
Votre historique - résultats
Vous n’avez pas pris ce quiz